|
|
|
|
| LEADER |
00680nam a2200193 a 4500 |
| 005 |
20151028162143.0 |
| 008 |
960221s1955 dcuabcdjdbkoqu001 0deng d |
| 003 |
ViArRB |
| 082 |
|
|
|a 615
|
| 100 |
|
|
|a Maulik, Sunil
|9 8348
|
| 245 |
|
|
|a Molecular biotechnology : therapeutic applications and strategies
|
| 300 |
|
|
|c
|
| 653 |
|
|
|a Genetic engineering
|a Biotechnology
|a Gene splicing
|a Gene transfer
|a Genetic surgery
|a Molecular biology
|a Genetic code
|
| 700 |
|
|
|a Patel, Salil D
|9 8347
|
| 942 |
|
|
|c BK
|6 _
|
| 942 |
|
|
|c BK
|
| 260 |
|
|
|a New York
|b Wiley-Liss
|c 1997
|
| 999 |
|
|
|c 76218
|d 76218
|
| 952 |
|
|
|0 0
|1 0
|2 ddc
|4 0
|6 615_N7
|7 0
|9 88958
|a SOS
|b SOS
|d 2009-09-22
|o 615 N7
|p MS010333
|r 2013-06-14
|w 2009-07-13
|y BK
|